[Event "CrunchLab Masters Div 1 W"]
[Site "chess.com INT"]
[Date "2024.07.20"]
[Round "2.3"]
[White "Carlsen, Magnus"]
[Black "Vachier-Lagrave, Maxime"]
[Result "0-1"]
[WhiteTitle "GM"]
[BlackTitle "GM"]
[WhiteElo "2832"]
[BlackElo "2718"]
[WhiteFideId "1503014"]
[BlackFideId "623539"]
[EventDate "2024.07.19"]
[EventType "k.o."]

1. e4 c5 2. Nf3 d6 3. Bc4 Nf6 4. d3 a6 5. a4 e6 6. Bb3 b6 7. O-O Bb7 8. Re1 Be7
9. c3 O-O 10. Nbd2 Nc6 11. Nf1 b5 12. d4 cxd4 13. cxd4 d5 14. e5 Ne4 15. Ng3 Nb4
16. axb5 axb5 17. Rxa8 Qxa8 18. h4 h6 19. Nh5 Rc8 20. Be3 Qa5 21. Rf1 Qd8 22. g3
Kh8 23. Nh2 Qg8 24. Kg2 Nc5 25. dxc5 d4+ 26. Kh3 dxe3 27. Qd7 e2 28. Re1 Bd5 29.
Bxd5 Nxd5 30. b4 Qe8 31. Qxe8+ Rxe8 32. Rxe2 Nxb4 33. Nf4 Bxc5 34. Rd2 Be7 35.
Rd7 Nc6 36. Nf3 Rc8 37. Rb7 b4 38. Nd3 Kg8 39. h5 Kf8 40. Kg2 Rd8 41. Nfe1 Rb8
42. Rxb8+ Nxb8 43. Nc1 Ke8 44. Kf3 Kd7 45. Ke4 Kc6 46. Nc2 Na6 47. f4 Nc5+ 48.
Kd4 Kb5 49. Na1 Bd8 50. Nab3 Na4 51. g4 Bb6+ 52. Kd3 Nb2+ 53. Ke4 Nc4 54. Ne2
Ka4 55. Nec1 Ne3 56. g5 Nf5 57. Nd2 hxg5 58. fxg5 Be3 59. g6 fxg6 0-1

[Event "CrunchLab Masters Div 1 W"]
[Site "chess.com INT"]
[Date "2024.07.20"]
[Round "2.3"]
[White "Firouzja, Alireza"]
[Black "Duda, Jan-Krzysztof"]
[Result "1/2-1/2"]
[WhiteTitle "GM"]
[BlackTitle "GM"]
[WhiteElo "2744"]
[BlackElo "2733"]
[WhiteFideId "12573981"]
[BlackFideId "1170546"]
[EventDate "2024.07.19"]
[EventType "k.o."]

1. e4 c5 2. Nf3 d6 3. Bb5+ Bd7 4. Bxd7+ Nxd7 5. O-O Ngf6 6. Qe2 e6 7. d4 cxd4 8.
Nxd4 Rc8 9. c4 a6 10. b3 g6 11. Rd1 Bg7 12. Ba3 Qc7 13. Nc3 O-O 14. Rac1 Rfd8
15. Nf3 Nc5 16. h3 Qa5 17. Bb2 Nh5 18. Qe3 b5 19. cxb5 axb5 20. e5 b4 21. Na4
Nxa4 22. bxa4 dxe5 23. Rxd8+ Rxd8 24. Nxe5 Qxa4 25. Rc7 Qxa2 26. Nxf7 Bxb2 27.
Nh6+ Kh8 28. Nf7+ Kg8 29. Nh6+ Kh8 30. Nf7+ Kg8 1/2-1/2

[Event "CrunchLab Masters Div 1 W"]
[Site "chess.com INT"]
[Date "2024.07.20"]
[Round "2.4"]
[White "Duda, Jan-Krzysztof"]
[Black "Firouzja, Alireza"]
[Result "1/2-1/2"]
[WhiteTitle "GM"]
[BlackTitle "GM"]
[WhiteElo "2733"]
[BlackElo "2744"]
[WhiteFideId "1170546"]
[BlackFideId "12573981"]
[EventDate "2024.07.19"]
[EventType "k.o."]

1. c4 e6 2. Nc3 d5 3. d4 c5 4. cxd5 exd5 5. Nf3 Nc6 6. g3 Nf6 7. Bg2 cxd4 8.
Nxd4 Bc5 9. Nb3 Bb6 10. O-O d4 11. Na4 O-O 12. Bg5 h6 13. Bxf6 Qxf6 14. Rc1 Re8
15. Nac5 h5 16. h3 h4 17. g4 Qe5 18. Qd2 a5 19. Nd3 Qd6 20. Nbc5 a4 21. Rc4 Ba5
22. Qc2 Bc7 23. f4 Qe7 24. Rxa4 Qe3+ 25. Rf2 Rxa4 26. Qxa4 Bxf4 27. Nxf4 Qc1+
28. Rf1 Qxc5 29. Kh1 Qd6 30. Qc4 Ne5 31. Qb3 Bd7 32. Qd5 Qxd5 33. Bxd5 Bc6 34.
Kg1 Bxd5 35. Nxd5 Nc4 36. Kf2 Nxb2 37. Rb1 Na4 38. Rxb7 Nc3 39. Ne7+ Kf8 40. Nf5
Rxe2+ 41. Kf3 g6 42. Nd6 Re3+ 43. Kg2 Re7 44. Rb8+ Kg7 45. Ne8+ Kh6 46. Nf6 Kg5
47. Nh7+ Kf4 48. Rd8 Re2+ 49. Kf1 Rd2 50. Ke1 Rd1+ 51. Kf2 Rd2+ 52. Ke1 Rd1+ 53.
Kf2 Rd2+ 54. Ke1 1/2-1/2

[Event "CrunchLab Masters Div 1 W"]
[Site "chess.com INT"]
[Date "2024.07.20"]
[Round "2.4"]
[White "Vachier-Lagrave, Maxime"]
[Black "Carlsen, Magnus"]
[Result "0-1"]
[WhiteTitle "GM"]
[BlackTitle "GM"]
[WhiteElo "2718"]
[BlackElo "2832"]
[WhiteFideId "623539"]
[BlackFideId "1503014"]
[EventDate "2024.07.19"]
[EventType "k.o."]

1. e4 c5 2. Nf3 a6 3. c3 e6 4. d4 d5 5. e5 Bd7 6. Be2 Bb5 7. O-O Bxe2 8. Qxe2
Nc6 9. Rd1 Rc8 10. Be3 cxd4 11. cxd4 Nge7 12. Nbd2 Nf5 13. Nf1 Be7 14. Ng3 Nxe3
15. fxe3 O-O 16. Nh5 g6 17. Nf4 Qb6 18. Rac1 Nb4 19. a3 Rxc1 20. Rxc1 Nc6 21.
Nd3 Na5 22. Nd2 Qb5 23. Rc3 Qd7 24. Nc5 Bxc5 25. Rxc5 b6 26. Rc3 Rc8 27. Qd3 Kg7
28. b3 Rxc3 29. Qxc3 Nc6 30. Nf3 Ne7 31. Kf2 h6 32. g4 g5 33. h4 gxh4 34. Nxh4
a5 35. Nf3 Ng6 36. Kg3 Qb5 37. Kf2 Qd7 38. Kg3 Qd8 39. Qc6 Qf8 40. Qd6 Qc8 41.
Qxb6 Qc1 42. Qd8 Qxa3 43. Qf6+ Kg8 44. Nh4 Qxb3 45. Nxg6 Qxe3+ 46. Kh2 Qd2+ 47.
Kg3 Qd3+ 48. Kh4 Qxg6 49. Qd8+ Kg7 0-1

[Event "CrunchLab Masters Div 1 W"]
[Site "chess.com INT"]
[Date "2024.07.20"]
[Round "2.5"]
[White "Carlsen, Magnus"]
[Black "Vachier-Lagrave, Maxime"]
[Result "0-1"]
[WhiteTitle "GM"]
[BlackTitle "GM"]
[WhiteElo "2832"]
[BlackElo "2718"]
[WhiteFideId "1503014"]
[BlackFideId "623539"]
[EventDate "2024.07.19"]
[EventType "k.o."]

1. e4 c5 2. Nf3 d6 3. Bb5+ Bd7 4. Bxd7+ Qxd7 5. d4 cxd4 6. Qxd4 Nc6 7. Qd3 g6 8.
c4 Bg7 9. O-O Nf6 10. h3 O-O 11. Nc3 a6 12. Rd1 Qe6 13. Be3 Nb4 14. Qb1 Rfc8 15.
b3 b5 16. Nd4 Qd7 17. a3 Nc6 18. cxb5 Nxd4 19. Bxd4 axb5 20. Qd3 Rab8 21. Rac1
Qb7 22. b4 Bh6 23. Rb1 e5 24. Be3 Bxe3 25. Qxe3 Qb6 26. Qf3 Kg7 27. Rd3 Rc6 28.
Rbd1 Rbc8 29. g4 h6 30. h4 Qb8 31. Kg2 Ra6 32. g5 Nh5 33. Nd5 Qa7 34. R1d2 Rc1
35. Qe3 Qxe3 36. fxe3 hxg5 37. hxg5 Rac6 38. Rf2 Ra1 39. Rb3 Rcc1 40. Kf3 Rg1
41. Nc3 Rae1 42. Rh2 Rg3+ 43. Kf2 Rexe3 0-1

[Event "CrunchLab Masters Div 1 W"]
[Site "chess.com INT"]
[Date "2024.07.21"]
[Round "3.1"]
[White "Firouzja, Alireza"]
[Black "Vachier-Lagrave, Maxime"]
[Result "0-1"]
[WhiteTitle "GM"]
[BlackTitle "GM"]
[WhiteElo "2744"]
[BlackElo "2718"]
[WhiteFideId "12573981"]
[BlackFideId "623539"]
[EventDate "2024.07.19"]
[EventType "k.o."]

1. e4 c5 2. Nf3 d6 3. d4 cxd4 4. Nxd4 Nf6 5. Nc3 a6 6. Rg1 g6 7. g4 Bg7 8. Be2
h5 9. h3 hxg4 10. hxg4 Nc6 11. Be3 Bxg4 12. Nxc6 Bxe2 13. Nxd8 Bxd1 14. Nxf7
Kxf7 15. Rxd1 Nd7 16. Bd4 Bxd4 17. Rxd4 Ne5 18. Ke2 Rac8 19. a4 Rh3 20. Rb4 Rc7
21. Rc1 e6 22. Rd4 Ke7 23. Nd1 Nc4 24. Rd3 Rh4 25. b3 Ne5 26. Re3 Rf4 27. f3 Rc8
28. Nb2 Rh8 29. Rf1 Rh2+ 30. Kd1 g5 31. Nd3 Nxd3 32. Rxd3 g4 0-1

[Event "CrunchLab Masters Div 1 W"]
[Site "chess.com INT"]
[Date "2024.07.21"]
[Round "3.2"]
[White "Vachier-Lagrave, Maxime"]
[Black "Firouzja, Alireza"]
[Result "1/2-1/2"]
[WhiteTitle "GM"]
[BlackTitle "GM"]
[WhiteElo "2718"]
[BlackElo "2744"]
[WhiteFideId "623539"]
[BlackFideId "12573981"]
[EventDate "2024.07.19"]
[EventType "k.o."]

1. e4 c5 2. Nf3 e6 3. d4 cxd4 4. Nxd4 Nc6 5. Nc3 Qc7 6. Ncb5 Qb8 7. Bd3 a6 8.
Nxc6 bxc6 9. Nd4 Bd6 10. Nf3 Ne7 11. b3 Ng6 12. Bb2 f6 13. h4 Nf4 14. g3 Bb4+
15. Kf1 Nxd3 16. Qxd3 d5 17. e5 O-O 18. h5 f5 19. h6 g6 20. Kg2 a5 21. c4 Ba6
22. Rhd1 Be7 23. Qc2 Qb7 24. c5 f4 25. g4 Qb4 26. Rac1 a4 27. Rd4 axb3 28. axb3
Qb7 29. Ra1 Bb5 30. Rxa8 Qxa8 31. Bc1 g5 32. Rd1 Qa6 33. Bb2 Be2 34. Ra1 Bxf3+
35. Kxf3 Qb5 36. Ra7 Rf7 37. Bd4 Qf1 38. Rc7 Qh3+ 39. Ke2 Qxg4+ 40. Kd2 f3 41.
Qd3 Qf4+ 42. Kc2 g4 43. Rxc6 g3 44. fxg3 Qxg3 45. Rc8+ Bf8 46. Kc3 Qg2 47. Qa6
Qh3 48. Bf2 Qxh6 49. Qf1 Qf4 50. Qg1+ Rg7 51. Qe1 Rb7 52. Kc2 Qf5+ 53. Kb2 Qd3
54. Qc3 Qe2+ 55. Qc2 Qxe5+ 56. Kb1 Qe4 57. Qxe4 dxe4 58. c6 Rxb3+ 59. Kc2 e3 60.
Rxf8+ Kxf8 61. c7 exf2 62. c8=Q+ Kf7 63. Qc7+ Ke8 64. Qc4 Re3 65. Qc8+ Ke7 66.
Qc7+ Ke8 67. Qc8+ Ke7 68. Qc7+ Ke8 69. Qc8+ 1/2-1/2

[Event "CrunchLab Masters Div 1 W"]
[Site "chess.com INT"]
[Date "2024.07.21"]
[Round "3.3"]
[White "Firouzja, Alireza"]
[Black "Vachier-Lagrave, Maxime"]
[Result "0-1"]
[WhiteTitle "GM"]
[BlackTitle "GM"]
[WhiteElo "2744"]
[BlackElo "2718"]
[WhiteFideId "12573981"]
[BlackFideId "623539"]
[EventDate "2024.07.19"]
[EventType "k.o."]

1. e4 c5 2. Nf3 d6 3. d4 cxd4 4. Nxd4 Nf6 5. Nc3 a6 6. f3 e6 7. a3 b5 8. g4 h6
9. h4 d5 10. e5 Nfd7 11. f4 Be7 12. Be3 Bxh4+ 13. Kd2 Bb7 14. Bd3 Nc6 15. Nxc6
Bxc6 16. Ne2 g5 17. Nd4 gxf4 18. Bxf4 Bg5 19. Qf1 Nxe5 20. Rh5 Nc4+ 21. Kc1 Qf6
22. Bxg5 Qxd4 23. Qf6 Qxf6 24. Bxf6 Rg8 25. b3 Ne3 26. g5 Ng4 27. Rxh6 Nxf6 28.
gxf6 Kd7 29. Kb2 Kd6 30. Rh7 Raf8 31. Re1 Rg4 32. Rf1 d4 33. Be2 Rg2 34. Bd3 Bd5
35. Rg7 e5 36. Re1 Rxg7 37. fxg7 Rg8 38. Rg1 e4 39. Be2 Ke5 0-1

[Event "CrunchLab Masters Div 1 W"]
[Site "chess.com INT"]
[Date "2024.07.24"]
[Round "4.1"]
[White "Firouzja, Alireza"]
[Black "Vachier-Lagrave, Maxime"]
[Result "1/2-1/2"]
[WhiteTitle "GM"]
[BlackTitle "GM"]
[WhiteElo "2744"]
[BlackElo "2718"]
[WhiteFideId "12573981"]
[BlackFideId "623539"]
[EventDate "2024.07.19"]
[EventType "k.o."]

1. d4 Nf6 2. Nf3 g6 3. Nbd2 d5 4. b3 Bg7 5. Bb2 Bf5 6. e3 O-O 7. Bd3 Bxd3 8.
cxd3 Nfd7 9. b4 c6 10. Nb3 Na6 11. Qd2 Nc7 12. O-O Nb5 13. a4 Nd6 14. Ba3 a6 15.
Rac1 Re8 16. Nc5 a5 17. Nxd7 axb4 18. Bxb4 Qxd7 19. a5 Nb5 20. Bc5 f6 21. e4 e5
22. dxe5 dxe4 23. dxe4 Qxd2 24. Nxd2 Bh6 25. Rc2 Rxe5 26. Bb6 Rae8 27. f3 Na3
28. Ra2 Bxd2 29. Rxd2 Nc4 30. Rd7 Nxb6 31. axb6 R5e7 32. Rfd1 Kf7 33. R7d3 Ra8
34. h4 h5 35. Kh2 Ra6 36. Rb3 Ra5 37. Kg3 f5 38. exf5 Rxf5 39. Rd8 Rd5 40. Rxd5
cxd5 41. Rd3 Re6 42. Rxd5 Rxb6 43. Kf4 1/2-1/2

[Event "CrunchLab Masters Div 1 W"]
[Site "chess.com INT"]
[Date "2024.07.24"]
[Round "4.2"]
[White "Vachier-Lagrave, Maxime"]
[Black "Firouzja, Alireza"]
[Result "1/2-1/2"]
[WhiteTitle "GM"]
[BlackTitle "GM"]
[WhiteElo "2718"]
[BlackElo "2744"]
[WhiteFideId "623539"]
[BlackFideId "12573981"]
[EventDate "2024.07.19"]
[EventType "k.o."]

1. e4 e5 2. Nf3 Nc6 3. Bb5 Nf6 4. O-O Nxe4 5. d4 Nd6 6. Bxc6 dxc6 7. dxe5 Nf5 8.
Qxd8+ Kxd8 9. Nc3 Bd7 10. h3 h6 11. b3 Kc8 12. Bb2 a5 13. Rad1 Bb4 14. Ne2 a4
15. g4 axb3 16. axb3 Ne7 17. Ra1 Rxa1 18. Rxa1 Kb8 19. e6 Bxe6 20. Bxg7 Rh7 21.
Bc3 Bd6 22. Be5 f5 23. Bxd6 cxd6 24. Nh2 fxg4 25. hxg4 Nd5 26. c4 Nb4 27. Nf4
Bc8 28. Rd1 Rf7 29. Nh5 d5 30. f4 Nc2 31. f5 Ne3 32. Rd3 Nxg4 33. Nxg4 Rxf5 1/2-1/2

[Event "CrunchLab Masters Div 1 W"]
[Site "chess.com INT"]
[Date "2024.07.24"]
[Round "4.3"]
[White "Firouzja, Alireza"]
[Black "Vachier-Lagrave, Maxime"]
[Result "1/2-1/2"]
[WhiteTitle "GM"]
[BlackTitle "GM"]
[WhiteElo "2744"]
[BlackElo "2718"]
[WhiteFideId "12573981"]
[BlackFideId "623539"]
[EventDate "2024.07.19"]
[EventType "k.o."]

1. d4 Nf6 2. Nf3 g6 3. Nbd2 d5 4. b3 Bg7 5. Bb2 O-O 6. e3 b6 7. Be2 Bb7 8. h4
Nbd7 9. Ne5 h5 10. f4 c5 11. g4 hxg4 12. Bxg4 cxd4 13. Bxd4 Nxe5 14. fxe5 Nxg4
15. Qxg4 Qc8 16. Qxc8 Bxc8 17. h5 Bg4 18. h6 Bh8 19. h7+ Kg7 20. Kf2 Bh5 21.
Rag1 Kxh7 22. Nf1 Rac8 23. c3 Rc6 24. Ng3 Bg7 25. Nxh5 gxh5 26. Rxh5+ Rh6 27.
Rxh6+ Bxh6 28. a4 e6 29. Ra1 f6 30. exf6 Bg5 31. Ke2 Bxf6 32. Bxf6 Rxf6 33. a5
Kg6 34. axb6 axb6 35. Ra7 Kf5 36. Kd3 e5 37. Rd7 Ke6 38. Rb7 Kf5 39. b4 Rc6 40.
b5 Rd6 41. Rc7 Rh6 42. Rd7 Ke6 43. Rb7 Kf5 44. Rd7 Ke6 45. Rc7 Kf5 46. Rb7 Rd6
47. Rf7+ Ke6 48. Rh7 Kf5 49. Rh5+ Ke6 50. e4 dxe4+ 51. Kxe4 Kd7 52. Rh7+ Kc8 53.
Kxe5 Rd1 54. c4 Rd2 55. Rg7 Rd1 56. Rh7 Rd2 57. Rf7 Rd1 58. Rf4 Kc7 59. Rd4 Rh1
60. Re4 Rd1 61. Rd4 Rh1 62. Ke4 Rh4+ 63. Kd3 Rh3+ 64. Kc2 Rh1 65. Rg4 Rf1 66.
Rg7+ Kc8 67. Kc3 Rd1 68. Rg6 Kc7 69. Rc6+ Kb7 70. Rh6 Kc7 71. Rh3 Kc8 72. Rd3
Rxd3+ 73. Kxd3 Kd7 74. Ke3 Ke7 75. Ke2 Ke6 76. Kd2 Kd6 77. Kc2 Ke6 78. Kc3 Ke7
79. Kc2 Ke6 80. Kd2 Kd6 81. Ke3 Ke7 82. Kf3 Kd6 83. Ke4 Ke6 84. Kd3 Kd7 85. Ke3
Ke7 1/2-1/2

[Event "CrunchLab Masters Div 1 W"]
[Site "chess.com INT"]
[Date "2024.07.24"]
[Round "4.4"]
[White "Vachier-Lagrave, Maxime"]
[Black "Firouzja, Alireza"]
[Result "1/2-1/2"]
[WhiteTitle "GM"]
[BlackTitle "GM"]
[WhiteElo "2718"]
[BlackElo "2744"]
[WhiteFideId "623539"]
[BlackFideId "12573981"]
[EventDate "2024.07.19"]
[EventType "k.o."]

1. e4 e5 2. Nf3 Nc6 3. Bb5 Nf6 4. O-O Nxe4 5. Re1 Nd6 6. Nxe5 Be7 7. Bf1 Nxe5 8.
Rxe5 O-O 9. d4 Bf6 10. Re2 b6 11. Re1 Bb7 12. Bf4 Nf5 13. c3 d6 14. a4 Bg5 15.
Qg4 Bxf4 16. Qxf4 Nh4 17. a5 Ng6 18. Qf5 Nh4 19. Qf4 Ng6 20. Qe3 Qd7 21. Qg3
Rae8 22. Rxe8 Rxe8 23. Nd2 b5 24. Bd3 c5 25. Nf1 c4 26. Bxg6 hxg6 27. d5 a6 28.
Ne3 Qd8 29. Qf4 Qf6 30. Qxf6 gxf6 31. g4 Bc8 32. Kf1 Re5 33. Re1 f5 34. gxf5
Bxf5 35. Nxf5 Rxf5 36. Re8+ Kg7 37. Ra8 Rxd5 38. Rxa6 Rd2 39. Rb6 Rxb2 40. Rxd6
Rb3 1/2-1/2

[Event "CrunchLab Masters Div 1 W"]
[Site "chess.com INT"]
[Date "2024.07.24"]
[Round "4.5"]
[White "Vachier-Lagrave, Maxime"]
[Black "Firouzja, Alireza"]
[Result "1-0"]
[WhiteTitle "GM"]
[BlackTitle "GM"]
[WhiteElo "2718"]
[BlackElo "2744"]
[WhiteFideId "623539"]
[BlackFideId "12573981"]
[EventDate "2024.07.19"]
[EventType "k.o."]

1. e4 e5 2. Nf3 Nc6 3. Bb5 Nf6 4. O-O Nxe4 5. d4 Nd6 6. Bxc6 dxc6 7. dxe5 Nf5 8.
Qxd8+ Kxd8 9. h3 Bd7 10. Nc3 h6 11. b3 c5 12. Rd1 Kc8 13. Nd5 a5 14. a4 g5 15.
c4 Be6 16. Bb2 Ne7 17. h4 g4 18. Nh2 h5 19. f4 Nf5 20. Nf1 Ra6 21. g3 Nd4 22.
Nd2 c6 23. Ne3 Rb6 24. Rab1 Kc7 25. Kf2 Be7 26. Bc3 Ra8 27. Ne4 Nf5 28. Nc2 Rba6
29. Rd2 Rd8 30. Rbd1 Rxd2+ 31. Rxd2 Ra8 32. Ne3 b6 33. Nxf5 Bxf5 34. Nd6 Bxd6
35. Rxd6 Be6 36. Ke3 Re8 37. f5 Bxf5 38. Kf4 Bc2 39. Rf6 Re7 40. Kg5 Bxb3 41.
Kxh5 Bxc4 42. Kxg4 Be6+ 43. Kf4 b5 44. Bxa5+ Kd7 45. Bb6 bxa4 46. Bxc5 Re8 47.
h5 Ra8 48. Ba3 c5 49. h6 Rh8 50. Bxc5 Kc6 51. Bd6 Kd5 52. g4 Ra8 53. h7 Rh8 54.
Rh6 Kc4 55. Kg5 Kb3 56. Kf6 Bxg4 57. Kg7 1-0